000 00271nam a2200109Ia 4500
001 588716
005 20250717120836.0
008 250717s9999 xx 000 0 und d
245 0 _aZ-1 MEZARLIKTAKİ HAZİNE
_cAHMET TEZCAN
260 _bERDEM YAYINLARI
_c2019
300 _b96
999 _c588716
_d588716